[Event "BL2 Sued 0809 (Women)"]
[Site "Germany"]
[Date "2008.11.09"]
[Round "2.5"]
[White "Nieberle, Julia"]
[Black "Borissow, Helene"]
[Result "0-1"]
[WhiteElo "1524"]
[BlackElo "1220"]
[PlyCount "58"]
[EventDate "2008.11.08"]
[EventType "team-tourn"]
[EventRounds "7"]
[EventCountry "GER"]
[SourceTitle "EXT 2010"]
[Source "ChessBase"]
[SourceDate "2010.11.25"]
[SourceVersion "1"]
[SourceVersionDate "2010.11.25"]
[SourceQuality "1"]
[WhiteTeam "Krumbach (W)"]
[BlackTeam "Neuperlach (W)"]
[WhiteTeamCountry "GER"]
[BlackTeamCountry "GER"]

1. e4 c6 2. d4 d5 3. exd5 cxd5 4. Bf4 Nc6 5. Bb5 e6 6. Nf3 Bd7 7. Nc3 Nf6 8. a3 a6 9. Ba4 Na5 10. Bxd7+ Nxd7 11. Qe2 Nc4 12. Nxd5 Qa5+ 13. Nd2 Qxd5 14. Qxc4 Qxg2 15. Rf1 Be7 16. Qc7 Rd8 17. f3 0-0 18. Qxb7 Bh4+ 19. Kd1 Nf6 20. c3 Bg5 21. Bxg5 Qxg5 22. Qxa6 Nd5 23. Ne4 Ne3+ 24. Ke2 Qf4 25. Qd3 Nd5 26. Rf2 Qh4 27. Ke1 Nf4 28. Qe3 Ng2+ 29. Ke2 Nxe3 0-1